Začínam písať

Bibliographic Details
Main Author: Dienerová, Eva (Author)
Other Authors: Vojtková, Zdena, 1946- (Illustrator)
Format: Book
Language:Slovak
Published: Bratislava Slovenské pedagogické nakladateľstvo 2006
ISBN:8010008745
Edition:2. vyd.
Subjects:

MARC

LEADER 00000cam a2200000 a 4500
001 vtls008692356
003 SK-MaSNL
005 20260301080041.0
008 240315s2005 xo a a p 000 0 slo
015 |a SNBA2006/04-02258 
020 |a 8010008745  |q (brož.) 
035 |a 1F6C6B12-F316-44E0-8287-F2BFD78D7BAE 
035 |a urn:nbn:sk:snk-amkq8d 
035 |a urn:nbn:sk:snk-am005e0q 
040 |a SNK  |b slo  |c SNK  |e AACR2 
041 0 |a slo 
044 |a xo  |c SK 
072 7 |a 37  |x Výchova a vzdelávanie  |2 konspekt 
080 |a (076.1)  |2 2001 
080 |a 316.346.32-053.4  |2 2001 
080 |a 37.016:003-028.31  |2 2001 
100 1 |a Dienerová, Eva  |4 aut  |9 214886 
245 1 0 |a Začínam písať  |c Eva Dienerová 
250 |a 2. vyd. 
260 |a Bratislava  |b Slovenské pedagogické nakladateľstvo  |c 2006 
500 |a Fareb. ilustr. na tit. strane 
500 |a Ilustrovala Zdena Vojtková 
650 0 7 |a písanie  |2 SNKPH  |9 1728 
650 0 7 |a deti predškolského veku  |2 SNKPH  |9 4103 
655 7 |a pracovné zošity  |2 SNKPH  |9 70188 
700 1 |a Vojtková, Zdena,  |d 1946-  |4 ill  |9 167693 
919 |a 80-10-00874-5 
999 |c 652015  |d 653945 
952 |a SNK  |b SNK  |y PREZ  |7 0  |p 17A0505893  |o snkSB 72161  |i snk2006/8083  |8 0  |0 0  |1 0  |4 0  |d 2006-04-20  |l 0  |r 2025-04-25 00:00:00  |w 2026-02-23 
952 |a SNK  |b SNK  |y VYP  |7 0  |p 17A0505892  |o snkSB 72161 D1  |i snk2006/8084  |8 0  |0 0  |1 0  |4 0  |d 2006-04-20  |f 1  |l 0  |r 2016-06-30 00:00:00  |w 2026-02-23